Маха Гола: кров і пісок (Запис № 320743)

МАРК-запис
000 -Лідер
fixed length control field 00679nam a22002417a 4500
001 - Контрольний номер
control field 34306
003 - Ідентифікатор контрольного номера
control field UA-OsUOA
005 - Дата та час останнього входження (трансакції)
control field 20210711123642.0
007 - Фіксоване поле фізичного опису
fixed length control field ta
008 - Елементи даних фіксованої довжини – загальна інформація
fixed length control field 20050927b un ||||| |||| 00| 0 ukr d
040 ## - Джерело каталогізації
Агенція оригінальної каталогізації UA-OsUOA
Мова каталогізації ukr
Агенція, яка здійснювала перезапис UA-OsUOA
Агенція, яка здійснювала модифікацію UA-OsUOA
041 ## - Код мови
Код мови тексту/ звукової доріжки чи окремого заголовка (П) ukr
080 ## - Індекс Універсальної десяткової класифікації
Індекс Універсальної десяткової класифікації (УДК) (НП) 821.134.2
090 ## - Локальний шифр розміщення
Класифікаційний індекс УДК 821.134.2
Авторський знак (НП) Б68
100 ## - Основне введення – ім’я особи
Ім’я особи (НП) Бласко
245 ## - Відомості про назву
Назва (НП) Маха Гола: кров і пісок
Решта назви (НП) романи
260 ## - Публікація, розповсюдження і т.п. (Вихідні дані)
Місце публікації, розповсюдження і т.п. (П) К.
Ім’я/ наймення видавництва, розповсюджувача і т.п. (П) Дніпро
Дата публікації, розповсюдження і т.п. (П) 1980
300 ## - Фізичний опис
Обсяг 574 с.
650 #7 - Додаткове предметне введення – тематичний термін
Тематичний термін чи географічна назва, як елемент введення (НП) 82 Література. Літературознавство
Джерело заголовка чи терміна UDC
942 ## - Додаткові елементи входу (Коха)
Тип елемента Koha Книги
Source of classification or shelving scheme Universal Decimal Classification
955 ## - Код типу видання за змістом
Код типу видання за змістом (НП) Літературно-художні видання
Фонди
Стан вилучень Стан втрат Джерело класифікації або схеми стелажів Стан уражень Не для кредиту Постійне місце розташування Поточне розміщення Дата придбання Джерело придбання Вартість, звичайна ціна покупки Інвентарний номер Усього замовленно Повний номер виклику Штрих-код Дата останнього перегляду Ціна ефективна від Тип елемента Koha Код колекції
    Universal Decimal Classification     АБ - Абонемент НБ АБ - Абонемент НБ 27/09/2005 112/2005 7.00 87262   821.134.2 Б68 87262 18/04/2022 27/09/2005 Книги  
    Universal Decimal Classification     АБ - Абонемент НБ АБ - Абонемент НБ 05/12/2011 143/2011 17.00 135965   821.161.2 Б68 135965 29/09/2021 05/12/2011 Книги Колекція Василишина Р.Д.
    Universal Decimal Classification     АБ - Абонемент НБ АБ - Абонемент НБ 25/02/2013     30067   821.161.2 Б68 30067 18/04/2022 05/12/2011 Книги  
    Universal Decimal Classification     АБ - Абонемент НБ АБ - Абонемент НБ 25/02/2013     45232   821.161.2 Б68 45232 18/04/2022 05/12/2011 Книги